[Event "Paracin-Dubai"]
[Site "Paracin"]
[Date "2020.01.04"]
[Round "3.1"]
[White "Cvetanovic, Uros"]
[Black "Pesic, Mihajlo"]
[Result "1-0"]
[WhiteElo "2230"]
[BlackElo "1730"]
[PlyCount "43"]
[EventDate "2020.01.03"]
[EventType "team-schev"]
[EventRounds "8"]
[EventCountry "SRB"]
[SourceTitle "CBM 194 Extra"]
[Source "ChessBase"]
[SourceDate "2020.03.31"]
[SourceVersion "1"]
[SourceVersionDate "2020.03.31"]
[SourceQuality "1"]
[WhiteTeam "Paracin"]
[BlackTeam "World"]
[WhiteTeamCountry "SRB"]

1. e4 e6 2. d3 d5 3. Nd2 c5 4. f4 Nf6 5. e5 Nfd7 6. Ngf3 Nc6 7. c3 a6 8. d4 b5 9. Bd3 Qb6 10. 0-0 cxd4 11. cxd4 Nxd4 12. Kh1 Nc6 13. Qe2 g6 14. Nb3 Bg7 15. Be3 Qd8 16. Rac1 Ne7 17. Nbd4 Bb7 18. Ng5 Nf5 19. Bxf5 gxf5 20. Ngxe6 Qe7 21. Nxg7+ Kf8 22. Ngxf5 1-0

[Event "Paracin-Dubai"]
[Site "Paracin"]
[Date "2020.01.03"]
[Round "2.2"]
[White "Pesic, Mihajlo"]
[Black "Dimitrijevic, Nenad"]
[Result "0-1"]
[WhiteElo "1730"]
[BlackElo "2177"]
[PlyCount "84"]
[EventDate "2020.01.03"]
[EventType "team-schev"]
[EventRounds "8"]
[EventCountry "SRB"]
[SourceTitle "CBM 194 Extra"]
[Source "ChessBase"]
[SourceDate "2020.03.31"]
[SourceVersion "1"]
[SourceVersionDate "2020.03.31"]
[SourceQuality "1"]
[WhiteTeam "World"]
[BlackTeam "Paracin"]
[BlackTeamCountry "SRB"]

1. e4 c5 2. Nf3 e6 3. d4 cxd4 4. Nxd4 a6 5. g3 Nf6 6. Bg2 Nc6 7. 0-0 Qc7 8. Nc3 Be7 9. Be3 h5 10. Qe2 Ng4 11. Bf4 Nxd4 12. Bxc7 Nxe2+ 13. Nxe2 d6 14. Rad1 Kd7 15. Ba5 Ne5 16. Bc3 f6 17. Nd4 g5 18. Nf3 Nxf3+ 19. Bxf3 Kc7 20. Ba5+ b6 21. e5 d5 22. Bc3 f5 23. Bd4 Bb7 24. Rd3 Bc6 25. Rc1 b5 26. b3 g4 27. Bg2 Ba3 28. Rcd1 Rad8 29. c4 b4 30. Be3 dxc4 31. Rxd8 Rxd8 32. Bb6+ Kxb6 33. Rxd8 Kc7 34. Rd2 c3 35. Rc2 Bf3 36. Bxf3 gxf3 37. h3 Kc6 38. Kh2 Kd5 39. g4 fxg4 40. hxg4 hxg4 41. Kg3 Kxe5 42. Kxg4 Ke4 0-1

[Event "Paracin Winter op"]
[Site "Paracin"]
[Date "2018.02.01"]
[Round "3"]
[White "Pesic, Mihajlo"]
[Black "Tuovic, Milos"]
[Result "0-1"]
[WhiteElo "1505"]
[BlackElo "1699"]
[PlyCount "88"]
[EventDate "2018.01.30"]
[EventType "swiss"]
[EventRounds "9"]
[EventCountry "SRB"]
[SourceTitle "CBM 182 Extra"]
[Source "ChessBase"]
[SourceDate "2018.02.23"]
[SourceVersion "1"]
[SourceVersionDate "2018.02.23"]
[SourceQuality "1"]

1. e4 e5 2. f4 exf4 3. Nf3 g5 4. h4 g4 5. Ne5 h5 6. d4 d6 7. Nd3 Be7 8. Bxf4 Bxh4+ 9. g3 Bg5 10. Qd2 Bxf4 11. Nxf4 h4 12. Nc3 Nc6 13. 0-0-0 h3 14. Bc4 Bd7 15. Ncd5 Nce7 16. e5 Nxd5 17. Nxd5 c6 18. Ne3 d5 19. Bd3 Qg5 20. Qf2 Nh6 21. Kb1 0-0-0 22. Rdf1 Rhf8 23. Nf5 Nxf5 24. Bxf5 Be6 25. Bd3 Rd7 26. c3 f5 27. Qf4 Qxf4 28. Rxf4 Rh7 29. Rh2 Rh5 30. Kc2 a5 31. a4 Kc7 32. b3 b6 33. b4 axb4 34. cxb4 Ra8 35. Kb3 c5 36. bxc5 bxc5 37. dxc5 d4+ 38. Kb4 Rb8+ 39. Bb5 Rd8 40. Bd3 Rd5 41. Bc4 Rxe5 42. Rxd4 Bxc4 43. Kxc4 Re3 44. Rhd2 Rh7 0-1